| 000 | 00502nam a2200193Ia 4500 | ||
|---|---|---|---|
| 008 | 131103s9999 xx 000 0 und d | ||
| 040 | _aLoreto College | ||
| 041 | _aEnglish | ||
| 082 |
_a915/MIN _bLCBED/6007 |
||
| 100 | _aBallance, Helen | ||
| 245 |
_aMining and drilling _cHelen Ballance and Denis |
||
| 260 |
_aLondon _bGinn _c[19?] |
||
| 300 |
_a32p. _b pic. _c 17cm. |
||
| 440 | _aMachines at work | ||
| 650 | _aWorld Geography | ||
| 700 | _aDenis | ||
| 850 | _aLCBED/915/MIN | ||
| 942 | _cBK | ||
| 999 |
_c29267 _d79746 |
||